| 000 | 01223cam a22002653a 4500 | ||
|---|---|---|---|
| 001 | 307 | ||
| 003 | PGUSA | ||
| 005 | 20140828082946.0 | ||
| 008 | 080629s2008||||xxu|||||s|||||000 1 eng d | ||
| 040 |
_aPGUSA _beng |
||
| 042 | _adc | ||
| 050 | 4 | _aPR | |
| 100 | 1 |
_aPaterson, A. B. _q(Andrew Barton), _d1864-1941 |
|
| 245 | 1 | 0 |
_aThree Elephant Power, and other stories _h[electronic resource] / _cA. B. Paterson |
| 260 |
_bProject Gutenberg, _c2008 |
||
| 505 | 0 | _aThree elephant power -- The Oracle -- The cast-iron canvasser -- The Merino sheep -- The bullock -- White-when-he's-wanted -- The downfall of Mulligan's -- The amateur gardener -- Thirsty Island -- Dan Fitzgerald explains -- The cat -- Sitting in judgment -- The dog -- The dog as a sportsman -- Concerning a steeplechase rider -- Victor second -- Concerning a dog-fight -- His masterpiece -- Done for the double. | |
| 506 | _aPublic domain in the USA. | ||
| 516 | _aElectronic text | ||
| 653 | _aShort stories, Australian | ||
| 653 | _aAustralia -- Social life and customs -- Fiction | ||
| 653 | _aFrontier and pioneer life -- Australia -- Fiction | ||
| 830 | 0 |
_aProject Gutenberg _v307 |
|
| 856 | 4 | 0 | _uhttp://www.gutenberg.org/ebooks/307 |
| 942 | _cEB | ||
| 999 |
_c229658 _d229658 |
||